Public international law / (Record no. 20205)

MARC details
000 -LEADER
fixed length control field 00895cam a2200301 a 4500
001 - CONTROL NUMBER
control field 12635329
003 - CONTROL NUMBER IDENTIFIER
control field mut
005 - DATE AND TIME OF LATEST TRANSACTION
control field 20240606081513.0
008 - FIXED-LENGTH DATA ELEMENTS--GENERAL INFORMATION
fixed length control field 011215s2001 onc b 001 0 eng
010 ## - LIBRARY OF CONGRESS CONTROL NUMBER
LC control number 2002392872
020 ## - INTERNATIONAL STANDARD BOOK NUMBER
International Standard Book Number 1552210510
035 ## - SYSTEM CONTROL NUMBER
System control number (CaONFJC)ctX00004801
040 ## - CATALOGING SOURCE
Original cataloging agency DLC
Transcribing agency mut
Modifying agency DLC
043 ## - GEOGRAPHIC AREA CODE
Geographic area code n-cn---
050 00 - LIBRARY OF CONGRESS CALL NUMBER
Classification number KZ3410
Item number .C87 2001
082 00 - DEWEY DECIMAL CLASSIFICATION NUMBER
Classification number 341
Edition information 21
100 1# - MAIN ENTRY--PERSONAL NAME
Personal name Currie, John H.
245 10 - TITLE STATEMENT
Title Public international law /
260 ## - PUBLICATION, DISTRIBUTION, ETC.
Place of publication, distribution, etc. Toronto :
Name of publisher, distributor, etc. Irwin Law,
Date of publication, distribution, etc. 2001.
300 ## - PHYSICAL DESCRIPTION
Extent xviii, 446 p. ;
Dimensions 23 cm.
440 #0 - SERIES STATEMENT/ADDED ENTRY--TITLE
Title Essentials of Canadian law
504 ## - BIBLIOGRAPHY, ETC. NOTE
Bibliography, etc. note Includes bibliographical references and index.
650 #0 - SUBJECT ADDED ENTRY--TOPICAL TERM
Topical term or geographic name entry element International law.
650 #0 - SUBJECT ADDED ENTRY--TOPICAL TERM
Topical term or geographic name entry element International law
Geographic subdivision Canada.
906 ## - LOCAL DATA ELEMENT F, LDF (RLIN)
a 7
b cbc
c origres
d 2
e ncip
f 20
g y-gencatlg
942 ## - ADDED ENTRY ELEMENTS (KOHA)
Source of classification or shelving scheme Library of Congress Classification
Koha item type Books
Holdings
Withdrawn status Lost status Source of classification or shelving scheme Damaged status Not for loan Home library Current library Shelving location Date acquired Source of acquisition Total checkouts Full call number Barcode Date last seen Price effective from Koha item type
    Library of Congress Classification     Murang'a University of Technology Library Murang'a University of Technology Library General stacks 04/11/2019 Donation-TFC   KZ3410 .C87 2001 027846 30/08/2024 04/11/2019 Books